| 000 | 01132naa a22002897a 4500 | ||
|---|---|---|---|
| 001 | BR9001318 | ||
| 003 | BR-BrBNA | ||
| 005 | 20240918180624.0 | ||
| 007 | ta | ||
| 008 | 230509b bl.||||| |||| 00| 0 por d | ||
| 040 |
_aBR-BrBNA _bpor _cBiblioteca Nacional de Agricultura |
||
| 041 | _a(Pt) | ||
| 072 |
_aK10 _b3575 _b3240 _bG514 |
||
| 090 | _aK10 BR9001318 | ||
| 100 | 1 | _aRodrigues, L.C. | |
| 100 | 1 | _aBeig, O. | |
| 111 | 1 |
_a1. Simposio Brasileiro sobre Tecnologia de Sementes Florestais _cBelo Horizonte, MG (Brazil) _d4-6 Dez 1984 |
|
| 245 | 1 | _aPrograma de producao e tecnologia de sementes de Eucalipto desenvolvido pela Champion Papel e Celulose S.A. | |
| 260 | 3 |
_aBrasilia, DF (Brasil): _c1984. |
|
| 500 | _a1. Simposio Brasileiro sobre Tecnologia de Sementes Florestais. Anais Brasilia, DF (Brasil): 1984. p. 185-193 (BR9001318-AM)K10 | ||
| 650 | _aSEMENTE | ||
| 650 | _aEUCALIPTO | ||
| 650 | _aCOLHEITA | ||
| 773 | 0 |
_t1. Simposio Brasileiro sobre Tecnologia de Sementes Florestais. Anais _wK10 BR9001318 _gBrasilia, DF (Brasil), 1984. p. 185-193 |
|
| 909 |
_a202404 _bLucia _c55 _dLucia Elande |
||
| 942 |
_cAM _2AGRIS |
||
| 999 |
_c321365 _d321365 |
||